[Event "2009 Standard Chess Dropout Tournament, Round 2"]
[Site "SchemingMind.com"]
[Date "2009.03.01"]
[Round "2"]
[White "Brian Acebo"]
[Black "Mel"]
[Result "1-0"]
[WhiteCountry "USA"]
[BlackCountry "USA"]
[WhiteElo "1615"]
[WhiteRD "68"]
[BlackElo "1600"]
[BlackRD "97"]
[GameID "194242"]

1. e4 c5 2. Nf3 d6 3. d4 Nf6 4. Nc3 cxd4 5. Nxd4 Nc6 6. h3 e6 7. Bg5 Be7 8. Bb5 O-O 9. Nxc6 bxc6 10. Bxc6 Rb8
11. Rb1 Bb7 12. Bxb7 Rxb7 13. O-O Qa5 14. Re1 Qxg5 15. Qd4 Qc5 16. Qxc5 dxc5 17. Re2 c4 18. b3 cxb3 19. axb3 Rb4 20. Rd1 Nh5
21. g3 f5 22. exf5 Rxf5 23. Rxe6 Kf7 24. Rde1 Bc5 25. Ne4 Kxe6 26. Nxc5+ Kd5 27. Nd3 Re4 28. Rxe4 Kxe4 29. g4
1-0

[Event "2009 Standard Chess Dropout Tournament, Round 2"]
[Site "SchemingMind.com"]
[Date "2009.03.04"]
[Round "2"]
[White "baobab"]
[Black "simon_w"]
[Result "0-1"]
[WhiteCountry "ITA"]
[BlackCountry "IRL"]
[WhiteElo "1697"]
[WhiteRD "78"]
[BlackElo "1874"]
[BlackRD "70"]
[GameID "194243"]

1. d4 Nf6 2. Nc3 d5 3. Bg5 e6 4. a3 Be7 5. Nf3 O-O 6. e3 c6 7. b4 Nbd7 8. Bd3 b6 9. O-O Qc7 10. Bf4 Bd6
11. Bxd6 Qxd6 12. Ne2 Bb7 13. c4 dxc4 14. Bxc4 c5 15. bxc5 bxc5 16. Qb3 Rab8 17. Qd3 Ng4 18. h3 Bxf3 19. hxg4 Bxg4 20. Rac1 Bxe2
21. Qxe2 cxd4 22. Rfd1 Nb6 23. Bb5 Rfc8 24. a4 Rxc1 25. Rxc1 dxe3 26. Qxe3 Rc8 27. Re1 Qc7 28. Qh3 Qc3 29. Re3 Qc1+ 30. Kh2 Nd5
31. Re4 Qc3 32. Qh5 Nf6
0-1

[Event "2009 Standard Chess Dropout Tournament, Round 2"]
[Site "SchemingMind.com"]
[Date "2009.03.04"]
[Round "2"]
[White "Be0wulf"]
[Black "Ashmaster"]
[Result "0-1"]
[WhiteCountry "PHI"]
[BlackCountry "IRL"]
[WhiteElo "1666"]
[WhiteRD "97"]
[BlackElo "1951"]
[BlackRD "101"]
[GameID "194245"]

1. e4 e5 2. Nf3 Nc6 3. d4 exd4 4. Nxd4 Bc5 5. Be3 Qf6 6. c3 Nge7 7. Bb5 Bb6 8. O-O O-O 9. Na3 a6 10. Ba4 Ba7
11. Bb3 d6 12. Nac2 Be6 13. Rc1 Qg6 14. f4 Qxe4 15. Qd2 Nxd4 16. Bxd4 c5 17. Rce1 cxd4 18. Rxe4 dxc3+ 19. Qd4 Bxd4+ 20. Nxd4 Bxb3
21. axb3 Nd5 22. bxc3 Nxc3 23. Re7 b6 24. Rc1 Nd5 25. Rd7 Nxf4 26. Rxd6 Rfd8
0-1

[Event "2009 Standard Chess Dropout Tournament, Round 2"]
[Site "SchemingMind.com"]
[Date "2009.03.04"]
[Round "2"]
[White "bernadjm"]
[Black "Be0wulf"]
[Result "1-0"]
[WhiteCountry "ESP"]
[BlackCountry "PHI"]
[WhiteElo "2259"]
[WhiteRD "138"]
[BlackElo "1696"]
[BlackRD "97"]
[GameID "194246"]

1. e4 c5 2. Nf3 d6 3. d4 Nf6 4. Nc3 cxd4 5. Nxd4 a6 6. Be3 Nc6 7. f3 h6 8. Qd2 Qc7 9. Be2 b5 10. Nxc6 Qxc6
11. b4 Bd7 12. a4 Rc8 13. Ra3 e6 14. axb5 axb5 15. Nxb5 Qxc2 16. Nxd6+ Bxd6 17. Qxd6 Qb1+ 18. Kf2 Qxh1 19. Bc5 Ng8 20. Qf8#
1-0

[Event "2009 Standard Chess Dropout Tournament, Round 2"]
[Site "SchemingMind.com"]
[Date "2009.03.02"]
[Round "2"]
[White "boojiboy"]
[Black "Pedro666"]
[Result "0-1"]
[WhiteCountry "USA"]
[BlackCountry "POL"]
[WhiteElo "1661"]
[WhiteRD "97"]
[BlackElo "2098"]
[BlackRD "94"]
[GameID "194247"]

1. e4 Nf6 2. e5 Nd5 3. d4 d6 4. Nf3 Bg4 5. Be2 c6 6. c4 Nb6 7. Nbd2 dxe5 8. dxe5 e6 9. O-O N8d7 10. h3 Bh5
11. a3 Nc5 12. b4 Nd3 13. Qb3 Nxc1 14. Raxc1 Be7 15. Rfd1 Qc7 16. Ne4 Bxf3 17. Bxf3 Qxe5 18. c5 Nd5 19. Re1 Qc7 20. Rcd1 O-O
21. Nc3 Nf4 22. Rd4 Bf6 23. Rd6 Bxc3 24. Qxc3 Rad8 25. Qe3 Nd5 26. Bxd5 cxd5 27. Rxd8 Rxd8 28. Rc1 Qc6 29. Qc3 f6 30. g3 e5
31. b5 Qxb5
0-1

[Event "2009 Standard Chess Dropout Tournament, Round 2"]
[Site "SchemingMind.com"]
[Date "2009.02.28"]
[Round "2"]
[White "Brendan Joseph Birt"]
[Black "roscoe"]
[Result "1-0"]
[WhiteCountry "USA"]
[BlackCountry "USA"]
[WhiteElo "1810"]
[WhiteRD "80"]
[BlackElo "1482"]
[BlackRD "107"]
[GameID "194248"]

1. e4 e5 2. Nf3 d6 3. d4 Nc6 4. dxe5 dxe5 5. Qxd8+ Nxd8 6. Nxe5 Be6 7. Bd3 Bd6 8. Nc4 Bxc4 9. Bxc4 Nf6 10. Nc3 O-O
11. O-O Ng4 12. h3 Ne5 13. Be2 a6 14. Be3 Ne6 15. f4 Nd7 16. Rad1 b5 17. Nd5 Nec5 18. e5 Bxe5 19. fxe5 c6 20. Ne7+ Kh8
21. Nxc6 Rfe8 22. Bxc5 Nxe5 23. Nxe5 Rxe5 24. Bf3 Rb8 25. Bd6
1-0

[Event "2009 Standard Chess Dropout Tournament, Round 2"]
[Site "SchemingMind.com"]
[Date "2009.02.27"]
[Round "2"]
[White "Brerrabbit"]
[Black "Mijical"]
[Result "0-1"]
[WhiteCountry "SCO"]
[BlackCountry "CAN"]
[WhiteElo "1329"]
[WhiteRD "76"]
[BlackElo "1584"]
[BlackRD "64"]
[GameID "194249"]

1. e4 Nf6 2. e5 Ng8 3. d4 d6 4. Nf3 Bg4 5. Be2 dxe5 6. Nxe5 Bxe2 7. Qxe2 Qxd4 8. O-O Nf6 9. c3 Qb6 10. Qc4 e6
11. b3 c6 12. Rd1 Qc7 13. Bf4 Bd6 14. Qd4 Ke7 15. Re1 Nfd7 16. Nxd7 Bxf4 17. Nc5 Bxh2+ 18. Kf1 b6 19. Qh4+ f6 20. Nxe6 Qc8
21. Nc7+ Kf7 22. Nxa8 Bd6 23. Nd2 Nd7 24. Qc4+ Kf8 25. Re6 Ne5 26. Qe4 Qxe6 27. Re1 Qd7 28. c4 f5 29. Qe3 Ng4 30. Qc3 Qc8
31. Qf3 g6 32. Ne4 Nh2+
0-1

[Event "2009 Standard Chess Dropout Tournament, Round 2"]
[Site "SchemingMind.com"]
[Date "2009.03.01"]
[Round "2"]
[White "Ingemar Assarsjö"]
[Black "loco61"]
[Result "1-0"]
[WhiteCountry "SWE"]
[BlackCountry "ENG"]
[WhiteElo "1898"]
[WhiteRD "117"]
[BlackElo "1591"]
[BlackRD "63"]
[GameID "194250"]

1. e4 e5 2. Nf3 Nc6 3. Bc4 Nf6 4. Ng5 d5 5. exd5 Nxd5 6. Nxf7 Kxf7 7. Qf3+ Ke6 8. Nc3 Nb4 9. Qe4 c6 10. a3 Na6
11. d4 Qd6 12. Bf4 b5 13. Bb3 b4 14. Nxd5 cxd5 15. Bxe5 Qc6 16. Bxg7+ Kd6 17. Be5+ Kd7 18. Bxd5 Qg6 19. Bxa8 Qxe4+ 20. Bxe4 Rg8
21. axb4 Bxb4+ 22. c3
1-0

[Event "2009 Standard Chess Dropout Tournament, Round 2"]
[Site "SchemingMind.com"]
[Date "2009.02.28"]
[Round "2"]
[White "Brennan Price"]
[Black "neoliminal"]
[Result "1-0"]
[WhiteCountry "USA"]
[BlackCountry "CRC"]
[WhiteElo "2101"]
[WhiteRD "87"]
[BlackElo "1421"]
[BlackRD "117"]
[GameID "194251"]

1. e4 e6 2. d4 d6 3. Nf3 h6 4. Nc3 a6 5. Bd3 b5 6. a3 Bb7 7. O-O Nf6 8. Re1 Ng4 9. Bf4 g5 10. Bg3 Nd7
11. h3 Ngf6 12. e5 dxe5 13. Nxe5 h5 14. Qe2 Bd6 15. Nxf7 Kxf7 16. Qxe6+ Kg7 17. Bxd6 cxd6 18. Qxd6 Re8 19. Qg3 h4 20. Qxg5+ Kf8
21. Qh6+ Kf7 22. Bg6+ Kg8 23. Rxe8+ Qxe8 24. Bxe8 Nxe8 25. Qe6+
1-0

[Event "2009 Standard Chess Dropout Tournament, Round 2"]
[Site "SchemingMind.com"]
[Date "2009.02.27"]
[Round "2"]
[White "bull mccabe"]
[Black "fishofchaos"]
[Result "1-0"]
[WhiteCountry "IRL"]
[BlackCountry "ENG"]
[WhiteElo "1808"]
[WhiteRD "85"]
[BlackElo "1848"]
[BlackRD "74"]
[GameID "194252"]

1. e4 c5 2. Nc3 a6 3. Nf3 e6 4. d4 cxd4 5. Nxd4 b5 6. Bd3 d6 7. O-O Nf6 8. Be3 Bb7 9. f3 Nbd7 10. Qd2 Rc8
11. Rfd1 Be7 12. Nce2 O-O 13. c3 Qc7 14. Bg5 h6 15. Bh4 Nc5 16. Bg3 Qb6 17. Kh1 Nxd3 18. Qxd3 d5 19. exd5 Bxd5 20. Nf4 Bb7
21. Rd2 Rfd8 22. Nfe2 b4 23. Rad1 Nd5 24. c4 Nf6 25. b3 Bd6 26. Nxe6 fxe6 27. Bxd6 Rc6 28. c5 Qxc5 29. Bxc5 Rxd3 30. Rxd3 Rxc5
31. Rc1 Re5 32. Ng3
1-0

[Event "2009 Standard Chess Dropout Tournament, Round 2"]
[Site "SchemingMind.com"]
[Date "2009.02.28"]
[Round "2"]
[White "capablanca"]
[Black "Brendan Joseph Birt"]
[Result "1-0"]
[WhiteCountry "GER"]
[BlackCountry "USA"]
[WhiteElo "1657"]
[WhiteRD "64"]
[BlackElo "1810"]
[BlackRD "80"]
[GameID "194255"]

1. e4 c5 2. Nf3 g6 3. d4 cxd4 4. Nxd4 Nc6 5. c4 Nf6 6. Nc3 d6 7. a3 Nxd4 8. Qxd4 Bg7 9. Qd3 O-O 10. Be2 Be6
11. Nd5 Rc8 12. O-O Nd7 13. Rb1 Nf6 14. b3 Nxd5 15. cxd5 Bd7 16. Be3 a6 17. Rfc1 Qa5 18. b4 Qd8 19. Rxc8 Qxc8 20. Rc1 Qe8
21. Rc7 Bb5 22. Qd2 Bxe2 23. Qxe2 b5 24. Qc2 e5 25. Qc6 f5 26. Qxd6 fxe4 27. Qxa6 Qd8 28. Qe6+ Kh8 29. d6 Rf6 30. Qe7 Qg8
31. d7 Rf8 32. Qxf8 Qxf8 33. Rc8 Kg8 34. Rxf8+
1-0

[Event "2009 Standard Chess Dropout Tournament, Round 2"]
[Site "SchemingMind.com"]
[Date "2009.02.28"]
[Round "2"]
[White "chesshub"]
[Black "baobab"]
[Result "1-0"]
[WhiteCountry "FRA"]
[BlackCountry "ITA"]
[WhiteElo "2458"]
[WhiteRD "69"]
[BlackElo "1694"]
[BlackRD "81"]
[GameID "194258"]

1. e4 c6 2. d4 d5 3. e5 e6 4. Nf3 a6 5. c4 Ne7 6. Nc3 Nd7 7. a4 Nb6 8. c5 Nd7 9. a5 Ng6 10. Bd3 Nf4
11. Bxf4 Be7 12. h4 f6 13. Rh3 O-O 14. Ng5 fxg5 15. Bxh7+ Kxh7 16. hxg5+ Kg8 17. Rh8+ Kxh8 18. Qh5+ Kg8 19. g6
1-0

[Event "2009 Standard Chess Dropout Tournament, Round 2"]
[Site "SchemingMind.com"]
[Date "2009.03.04"]
[Round "2"]
[White "CuriousShadow"]
[Black "Wolli"]
[Result "1-0"]
[WhiteCountry "USA"]
[BlackCountry "GER"]
[WhiteElo "2091"]
[WhiteRD "148"]
[BlackElo "1809"]
[BlackRD "81"]
[GameID "194259"]

1. e4 d6 2. d4 Nf6 3. Nc3 g6 4. f3 c6 5. Be3 b5 6. Qd2 Nbd7 7. g4 Bb7 8. h4 Nb6 9. h5 gxh5 10. g5 Nfd7
11. Rxh5 Nc4 12. Bxc4 bxc4 13. Nge2 Bg7 14. Kf2 Qb6 15. b3 cxb3 16. axb3 Ba6 17. Ng3 e6 18. d5 c5 19. dxe6 fxe6 20. Nf5 exf5
21. Nd5 Bxa1 22. Nxb6 axb6 23. Qxd6 O-O-O 24. Bf4 Kb7 25. Qc7+ Ka8 26. Rxh7 Bd4+ 27. Kg2 Rxh7 28. Qxd8+ Ka7 29. Qc7+ Bb7 30. exf5 Ka6
31. g6
1-0

[Event "2009 Standard Chess Dropout Tournament, Round 2"]
[Site "SchemingMind.com"]
[Date "2009.03.02"]
[Round "2"]
[White "dadshane2000"]
[Black "boojiboy"]
[Result "1-0"]
[WhiteCountry "USA"]
[BlackCountry "USA"]
[WhiteElo "1948"]
[WhiteRD "83"]
[BlackElo "1651"]
[BlackRD "105"]
[GameID "194260"]

1. e4 e6 2. d4 d5 3. Nc3 c5 4. exd5 exd5 5. dxc5 Nc6 6. Qxd5 Qe7+ 7. Qe4 Qxe4+ 8. Nxe4 f5 9. Nd6+ Bxd6 10. cxd6 Be6
11. Bb5 O-O-O 12. Bxc6 bxc6 13. Bf4 h6 14. O-O-O g5 15. Be5 Rh7 16. Ne2 Rb7 17. Nd4 Bd7 18. Nb3 Rb5 19. Bd4 a5 20. Nc5 h5
21. Rhe1 Nh6 22. Re7 h4 23. Nxd7 Rxd7 24. Bf6 Ng4 25. Bxg5 Nxf2 26. Rf1 Ne4 27. Bxh4 Rxd6 28. Re8+ Kc7 29. g4 Rbd5 30. gxf5 Nd2
31. Re7+ Kc8 32. Rg1 Nf3 33. Rg8+ Rd8 34. Rxd8+ Rxd8 35. Bg3 Rd7 36. Re8+ Rd8 37. Re3 Nd4 38. Re5 a4 39. c3 Nf3 40. Re7 Rd7
41. Rxd7 Kxd7 42. Kc2 Ke7 43. Kd3 Kf6 44. Kc4 Kxf5 45. Kb4 Nd2 46. Kxa4 Nc4 47. b3 Nb6+ 48. Ka5 Nd5 49. c4 Nc3 50. a4 Ne4
51. b4 Ke6 52. b5 cxb5 53. axb5 Kd7 54. Kb6 Nd6 55. Bxd6
1-0

[Event "2009 Standard Chess Dropout Tournament, Round 2"]
[Site "SchemingMind.com"]
[Date "2009.02.27"]
[Round "2"]
[White "Danzino"]
[Black "Andreas Flato"]
[Result "1-0"]
[WhiteCountry "GBR"]
[BlackCountry "GER"]
[WhiteElo "2043"]
[WhiteRD "101"]
[BlackElo "1777"]
[BlackRD "75"]
[GameID "194261"]

1. e4 e5 2. Nf3 d6 3. d4 exd4 4. Nxd4 Be7 5. Nc3 Nf6 6. Bf4 O-O 7. Qd2 a6 8. O-O-O b5 9. f3 Nh5 10. Be3 Bb7
11. g4 Nf6 12. Nf5 Nfd7 13. Nxe7+ Qxe7 14. Nd5 Qd8 15. h4 Ne5 16. Rh3 Nbd7 17. g5 Nc4 18. Bxc4 bxc4 19. Rg1 Qb8 20. Nf6+ Nxf6
21. gxf6 g6 22. Bd4 Kh8 23. h5
1-0

[Event "2009 Standard Chess Dropout Tournament, Round 2"]
[Site "SchemingMind.com"]
[Date "2009.02.27"]
[Round "2"]
[White "demiurg"]
[Black "fouche"]
[Result "1-0"]
[WhiteCountry "HUN"]
[BlackCountry "COL"]
[WhiteElo "2335"]
[WhiteRD "74"]
[BlackElo "1571"]
[BlackRD "53"]
[GameID "194262"]

1. e4 c5 2. Nf3 Nc6 3. d4 cxd4 4. Nxd4 e5 5. Nb5 d6 6. N1c3 a6 7. Na3 Nf6 8. Bg5 b5 9. Nd5 Be7 10. Bxf6 gxf6
11. c4 bxc4 12. Nxc4 O-O 13. Ncb6 Ra7 14. Nxc8 Qa5+ 15. Nc3 Rc7 16. Nxe7+ Nxe7 17. Be2 Rd8 18. O-O d5 19. exd5 Nxd5 20. b4 Qxb4
21. Nxd5 Qa5 22. Nxf6+
1-0

[Event "2009 Standard Chess Dropout Tournament, Round 2"]
[Site "SchemingMind.com"]
[Date "2009.03.04"]
[Round "2"]
[White "desmondw"]
[Black "Brennan Price"]
[Result "1/2-1/2"]
[WhiteCountry "IRL"]
[BlackCountry "USA"]
[WhiteElo "1805"]
[WhiteRD "81"]
[BlackElo "2086"]
[BlackRD "89"]
[GameID "194263"]

1. e4 c5 2. Nf3 d6 3. d4 cxd4 4. Nxd4 Nf6 5. Nc3 a6 6. Be3 Ng4 7. Bg5 h6 8. Bh4 g5 9. Bg3 Bg7 10. h3 Nf6
11. Qf3 Qb6 12. O-O-O Nc6 13. Nxc6 Qxc6 14. Be2 Nd7 15. Nd5 Ne5 16. Qe3 Be6 17. h4 Rc8 18. c3 g4 19. f3 Nc4 20. Qd3 Ne5
21. Qe3 Nc4=
1/2-1/2

[Event "2009 Standard Chess Dropout Tournament, Round 2"]
[Site "SchemingMind.com"]
[Date "2009.03.04"]
[Round "2"]
[White "Dreadtower"]
[Black "Zerstörer"]
[Result "0-1"]
[WhiteCountry "ENG"]
[BlackCountry "ITA"]
[WhiteElo "1807"]
[WhiteRD "111"]
[BlackElo "2044"]
[BlackRD "83"]
[GameID "194264"]

1. e4 c6 2. d4 d5 3. e5 Bf5 4. Nf3 e6 5. Be2 Nd7 6. O-O h6 7. b3 c5 8. c4 dxc4 9. bxc4 cxd4 10. Bb2 Bc5
11. Nxd4 Ne7 12. Nxf5 Nxf5 13. Nd2 Qc7 14. Nf3 O-O 15. Bd3 Ne7 16. Qe2 Nc6 17. Qe4 g6 18. Qf4 h5 19. Qh6 Be7 20. Qf4 Rad8
21. Bc2 Nc5 22. Bc3 Nd3 23. Bxd3 Rxd3 24. Bb2 Rfd8 25. a3 Qb6 26. Bc1 Nd4 27. Nxd4 R8xd4 28. Qh6 Qd8 29. Be3 Bf8 30. Qg5 Qxg5
31. Bxg5 Rxc4 32. a4 Bc5 33. Ra2 b6 34. Bf6 Rcd4 35. a5 b5 36. a6 b4 37. g3 b3 38. Ra5 Bb6 39. Rb5 Rc4 40. Rb1 Rcc3
41. Kf1 Kf8 42. Ke2 Ke8 43. Bg5 Rd5 44. Rxd5 exd5 45. Bd2 Rc4 46. Rxb3 Ra4 47. Rb4 Rxb4 48. Bxb4 Kd7 49. Bd2= Kc6 50. Be3 Bxe3
51. Kxe3 Kc5 52. Kd3 d4 53. f4 Kd5 54. h3 Kc5 55. g4 hxg4 56. hxg4 Kd5 57. f5 Kxe5 58. fxg6= fxg6 59. g5 Kd5 60. Kd2= Ke4
61. Ke2 d3+ 62. Kd2 Kd4 63. Kd1 Ke3 64. Ke1 Kf4 65. Kd2 Kxg5 66. Kxd3 Kf4 67. Ke2 Kg3 68. Kf1 Kh2 69. Kf2 g5 70. Kf3 Kh3
71. Kf2 g4 72. Kg1 Kg3
0-1

[Event "2009 Standard Chess Dropout Tournament, Round 2"]
[Site "SchemingMind.com"]
[Date "2009.03.02"]
[Round "2"]
[White "dsplit"]
[Black "Mel-o-rama"]
[Result "0-1"]
[WhiteCountry "NED"]
[BlackCountry "USA"]
[WhiteElo "1776"]
[WhiteRD "76"]
[BlackElo "1826"]
[BlackRD "87"]
[GameID "194265"]

1. e4 e5 2. Nf3 Nc6 3. Bb5 Nd4 4. Nxd4 exd4 5. O-O Bc5 6. d3 c6 7. Ba4 d5 8. e5 Ne7 9. Bf4 Ng6 10. Bg3 O-O
11. f4 Bf5 12. Nd2 f6 13. Nf3 a5 14. a3 b5 15. Bb3 a4 16. Ba2 Re8 17. exf6 Qxf6 18. Qd2 Bd6 19. Ne5 Nxe5 20. fxe5 Bxe5
21. Bxe5 Rxe5 22. Qf4 c5 23. g4 Bd7 24. Qxf6 gxf6 25. Rxf6 Bxg4 26. Rd6 Bf3 27. Rf6 Rf8 28. Rxf8+ Kxf8 29. Rf1 Rg5+ 30. Kf2 Rf5
31. Kg3 Bg4 32. Rxf5+ Bxf5 33. Bxd5 Ke7 34. Bc6 Bd7 35. Be4 h6 36. h4 b4 37. axb4 cxb4 38. c3 bxc3
0-1

[Event "2009 Standard Chess Dropout Tournament, Round 2"]
[Site "SchemingMind.com"]
[Date "2009.03.02"]
[Round "2"]
[White "echecs"]
[Black "Han Solo"]
[Result "0-1"]
[WhiteCountry "ENG"]
[BlackCountry "HUN"]
[WhiteElo "1766"]
[WhiteRD "63"]
[BlackElo "2054"]
[BlackRD "79"]
[GameID "194266"]

1. e4 c5 2. c3 Nf6 3. e5 Nd5 4. Nf3 Nc6 5. d4 cxd4 6. cxd4 d6 7. Bc4 Nb6 8. Bb3 dxe5 9. d5 Na5 10. Nc3 Nxb3
11. Qxb3 e6 12. dxe6 Bxe6 13. Qb5+ Qd7 14. Ne4 Qxb5 15. a3 Be7 16. b4 O-O 17. Bb2 Bxb4+
0-1

[Event "2009 Standard Chess Dropout Tournament, Round 2"]
[Site "SchemingMind.com"]
[Date "2009.03.01"]
[Round "2"]
[White "Faloan"]
[Black "Neutrino"]
[Result "1-0"]
[WhiteCountry "GER"]
[BlackCountry "EGY"]
[WhiteElo "2183"]
[WhiteRD "106"]
[BlackElo "1653"]
[BlackRD "130"]
[GameID "194270"]

1. e4 c6 2. c4 d5 3. cxd5 cxd5 4. exd5 Nf6 5. Nc3 Nxd5 6. Nf3 Nc6 7. Bb5 Nxc3 8. bxc3 Qd5 9. Qe2 Bg4 10. Bc4 Bxf3
11. Bxd5 Bxe2 12. Kxe2 Rd8 13. Be4 Rc8 14. Re1 e6 15. f4 Bd6 16. Kf3 O-O 17. g3 Rfd8 18. Rb1 b6 19. f5 e5 20. d3 f6
21. Bd2 Bc5 22. g4 h6 23. h4 Kf8 24. Re2 Ne7 25. g5 hxg5 26. hxg5 fxg5 27. Bxg5 Kf7 28. Rh2 Rh8 29. Rbh1 Rxh2 30. Rxh2 a5
31. Rh7 Kg8 32. f6
1-0

[Event "2009 Standard Chess Dropout Tournament, Round 2"]
[Site "SchemingMind.com"]
[Date "2009.03.06"]
[Round "2"]
[White "Fiesty 50"]
[Black "MichaelDV"]
[Result "1/2-1/2"]
[WhiteCountry "ENG"]
[BlackCountry "SWE"]
[WhiteElo "2286"]
[WhiteRD "119"]
[BlackElo "2396"]
[BlackRD "74"]
[GameID "194271"]

1. e4 c5 2. Nf3 e6 3. d4 cxd4 4. Nxd4 Nc6 5. Nc3 Qc7 6. Be2 a6 7. O-O Nf6 8. Be3 Bb4 9. Na4 Be7 10. Nxc6 bxc6
11. Nb6 Rb8 12. Nxc8 Qxc8 13. Bd4 Qc7 14. e5 Nd5 15. b3 a5 16. g3 c5 17. Bb2 O-O 18. Qd2 a4 19. Bf3 Nb4 20. Rfd1 Rfd8
21. Qc3 f6 22. Rd2 Nc6 23. Bxc6 Qxc6 24. Qe3 f5 25. c4 Rb7 26. Rd3 Ra8 27. Rad1 axb3 28. axb3 Ra2 29. R1d2 Qe4 30. h4 Qxe3
31. Rxe3 Kf7 32. Kf1 Ke8 33. Red3 h6 34. Ke2 g5 35. hxg5 hxg5 36. f4 g4 37. Kd1=
1/2-1/2

[Event "2009 Standard Chess Dropout Tournament, Round 2"]
[Site "SchemingMind.com"]
[Date "2009.02.28"]
[Round "2"]
[White "Filanator"]
[Black "montinskij"]
[Result "0-1"]
[WhiteCountry "AUS"]
[BlackCountry "USA"]
[WhiteElo "1118"]
[WhiteRD "115"]
[BlackElo "2040"]
[BlackRD "120"]
[GameID "194272"]

1. e4 e6 2. d4 d5 3. Nc3 dxe4 4. Nxe4 Nf6 5. Bd3 Nbd7 6. Bf4 c5 7. Nf3 cxd4 8. Nxd4 Nxe4 9. Bxe4 e5 10. Bxe5 Nxe5
11. O-O Bd6 12. Re1 O-O 13. c3 g6 14. Qb3 Qb6 15. Rad1 Qxb3 16. axb3 Re8 17. b4 Ng4 18. Nf3 Bf8 19. Rd5 Nf6 20. Rf5 gxf5
21. Bd3 Rxe1+ 22. Nxe1 a5 23. b5 a4 24. Bc4 a3 25. bxa3 Rxa3 26. h3 Rxc3 27. Be2 Rc1 28. Bf1 Rxe1 29. b6 Be6 30. g3 Bc4
31. Kg2 Bxf1+ 32. Kh2 Ne4 33. h4 Nxf2 34. Kg1 Ng4 35. Kh1 Bh3#
0-1

[Event "2009 Standard Chess Dropout Tournament, Round 2"]
[Site "SchemingMind.com"]
[Date "2009.02.28"]
[Round "2"]
[White "fouche"]
[Black "Teagy"]
[Result "0-1"]
[WhiteCountry "COL"]
[BlackCountry "ENG"]
[WhiteElo "1605"]
[WhiteRD "67"]
[BlackElo "1842"]
[BlackRD "76"]
[GameID "194274"]

1. d4 e6 2. c4 Nf6 3. Nc3 c5 4. d5 exd5 5. cxd5 d6 6. e4 g6 7. Bd3 Bg7 8. f4 O-O 9. Nge2 Re8 10. Ng3 a6
11. O-O b5 12. Rb1 b4 13. Na4 Bg4 14. Qc2 h5 15. h3 Bd7 16. b3 Bb5 17. Bb2 Nbd7 18. Rbe1 Rc8 19. e5 dxe5 20. fxe5 Nxd5
21. Bxg6 Bxf1 22. Bxf7+ Kxf7 23. Rxf1+ Kg8 24. Qg6 Rf8 25. e6 Rxf1+ 26. Nxf1 N7f6 27. Ng3 Nf4 28. Qf7+ Kh7 29. Nf5 Qf8 30. Qb7 Nxe6
31. Nxg7 Nxg7 32. Bxf6 Re8 33. Bxg7 Re1+
0-1

[Event "2009 Standard Chess Dropout Tournament, Round 2"]
[Site "SchemingMind.com"]
[Date "2009.03.01"]
[Round "2"]
[White "GBEDARD"]
[Black "admiradordebrahms"]
[Result "1-0"]
[WhiteCountry "USA"]
[BlackCountry "COL"]
[WhiteElo "2191"]
[WhiteRD "75"]
[BlackElo "1848"]
[BlackRD "67"]
[GameID "194275"]

1. e4 c6 2. d4 d5 3. Nc3 dxe4 4. Nxe4 Bf5 5. Ng3 Bg6 6. h4 h6 7. Nf3 e6 8. Ne5 Bh7 9. Bd3 Bxd3 10. Qxd3 Nd7
11. Bf4 Qa5+ 12. Qd2 Qxd2+ 13. Bxd2 Ngf6 14. Rd1 Bd6 15. f4 c5 16. dxc5 Nxc5 17. Be3 Nd5 18. Kf2 Rc8 19. Rd2 Bxe5 20. fxe5 Nxe3
21. Kxe3 Rd8 22. Rxd8+ Kxd8 23. Rd1+ Ke7 24. Ne4 Nxe4 25. Kxe4 Rd8= 26. Rxd8 Kxd8 27. g4 g6 28. c4 Kc7 29. b4 f5+ 30. exf6
1-0

[Event "2009 Standard Chess Dropout Tournament, Round 2"]
[Site "SchemingMind.com"]
[Date "2009.02.27"]
[Round "2"]
[White "Girkassa"]
[Black "JasonY1982"]
[Result "1-0"]
[WhiteCountry "NOR"]
[BlackCountry "USA"]
[WhiteElo "2203"]
[WhiteRD "101"]
[BlackElo "2015"]
[BlackRD "75"]
[GameID "194276"]

1. d4 Nf6 2. c4 e6 3. Nf3 Bb4+ 4. Nbd2 b6 5. a3 Bxd2+ 6. Bxd2 Bb7 7. g3 h6 8. Bg2 O-O 9. O-O d6 10. Rc1 Nbd7
11. b4 Ne4 12. Be3 c5 13. dxc5 dxc5 14. Nd2 Nxd2 15. Qxd2 Bxg2 16. Kxg2 Qc7 17. Rfd1 Rfd8 18. Qd6 Qxd6 19. Rxd6 Kf8 20. bxc5 bxc5
21. Rb1 Ke7 22. Ra6 Rdb8 23. Rxb8 Rxb8 24. Rxa7 Kd6 25. Bd2 f6 26. Ba5 Ne5 27. Bc7+
1-0

[Event "2009 Standard Chess Dropout Tournament, Round 2"]
[Site "SchemingMind.com"]
[Date "2009.02.28"]
[Round "2"]
[White "Han Solo"]
[Black "RA~H"]
[Result "1-0"]
[WhiteCountry "HUN"]
[BlackCountry "USA"]
[WhiteElo "2099"]
[WhiteRD "79"]
[BlackElo "1903"]
[BlackRD "138"]
[GameID "194278"]

1. e4 c5 2. Nf3 d6 3. d4 cxd4 4. Nxd4 Nf6 5. f3 a6 6. c4 e6 7. Nc3 Nc6 8. Be3 Be7 9. Be2 O-O 10. O-O Bd7
11. Qd2 Rc8 12. Rac1 Ne5 13. b3 Qc7 14. Rfd1 Qa5 15. Nd5 Qd8 16. Nc3 Qc7 17. Kh1 Kh8 18. Qe1 Rfd8 19. Qf2 Be8 20. b4 Nxc4
21. Bxc4 Qxc4 22. Nd5 exd5 23. Rxc4 dxc4 24. Nf5 Bf8 25. Bd4 c3 26. Rc1 d5 27. e5 Nd7 28. Qg3 f6 29. e6 Bg6 30. e7 Bxf5
31. exd8=Q Rxd8 32. Bxc3 Rc8 33. Qf4 Be6 34. Bb2 Re8 35. a3 Nb6 36. Qc7 Nc4 37. Bd4 b5 38. Qc6 Bf7 39. Qxa6 Nd2 40. Rc8 Re1+
41. Bg1 Be8 42. Qa8
1-0

[Event "2009 Standard Chess Dropout Tournament, Round 2"]
[Site "SchemingMind.com"]
[Date "2009.02.27"]
[Round "2"]
[White "Ilang"]
[Black "rkttkr"]
[Result "1-0"]
[WhiteCountry "HUN"]
[BlackCountry "ENG"]
[WhiteElo "2416"]
[WhiteRD "83"]
[BlackElo "2065"]
[BlackRD "78"]
[GameID "194280"]

1. e4 e6 2. d4 d5 3. Nc3 Bb4 4. e5 b6 5. a3 Bf8 6. Nf3 c5 7. Be3 Nc6 8. Bb5 Bd7 9. O-O Nge7 10. dxc5 bxc5
11. Bxc5 Qb8 12. Bd6 Qb6 13. a4 a6 14. a5 Nxa5 15. Bxd7+ Kxd7 16. Ng5 f5 17. Na4 Qb5 18. Nc5+ Kc8 19. Ngxe6
1-0

[Event "2009 Standard Chess Dropout Tournament, Round 2"]
[Site "SchemingMind.com"]
[Date "2009.03.04"]
[Round "2"]
[White "JasonY1982"]
[Black "joralx3"]
[Result "0-1"]
[WhiteCountry "USA"]
[BlackCountry "ARG"]
[WhiteElo "2015"]
[WhiteRD "75"]
[BlackElo "2443"]
[BlackRD "94"]
[GameID "194281"]

1. d4 Nf6 2. c4 g6 3. Nc3 Bg7 4. g3 O-O 5. Bg2 d6 6. Nf3 Nbd7 7. O-O e5 8. e4 c6 9. h3 Qb6 10. Re1 exd4
11. Nxd4 Re8 12. Nc2 Qc7 13. Be3 Nc5 14. Bd4 b6 15. f4 Ba6 16. b3 Ne6 17. Be3 Nh5 18. Ne2 Bxa1 19. Qxa1 Nc5 20. g4 Ng7
21. f5 Nd3 22. Rf1 Ne5 23. Qc3 f6 24. fxg6 hxg6 25. Rxf6 Rf8 26. Bg5 Rxf6 27. Bxf6 Rf8 28. Bxe5 dxe5 29. Nb4 Qd6 30. Qe1 Bb7
31. Nc2 Qd3 32. Nb4 Qe3+ 33. Kh1 Rf2 34. Bf1 c5 35. Nd5 Bxd5 36. exd5 Ne8
0-1